Gödel, Escher, Bach (Record no. 81059)

MARC details
000 -LEADER
campo de control de longitud fija 00891nam a2200253 i 4500
001 - NÚMERO DE CONTROL
campo de control 81059
003 - IDENTIFICADOR DE NÚMERO DE CONTROL
campo de control ES-MaACL
007 - CAMPO FIJO DE DESCRIPCIÓN FÍSICA--INFORMACIÓN GENERAL
campo de control de longitud fija t|
008 - DATOS DE LONGITUD FIJA--INFORMACIÓN GENERAL
campo de control de longitud fija 041102s1987 mx ||||1| spa d
020 ## - NÚMERO INTERNACIONAL ESTÁNDAR DEL LIBRO
Número Internacional Estándar del Libro 84-7223-459-2
100 1# - ENTRADA PRINCIPAL--NOMBRE DE PERSONA
Nombre de persona Hofstadter, Douglas R.
9 (RLIN) 63969
245 10 - MENCIÓN DEL TÍTULO
Título Gödel, Escher, Bach
Resto del título : un eterno y gracil bucle /
Mención de responsabilidad, etc. Douglas R. Hofstadter ; traducción, Mario A. Usabiaga y Alejandro López Rousseau ; colaboradores, Franco Simonetti ... [et al.].
260 ## - PUBLICACIÓN, DISTRIBUCIÓN, ETC.
Lugar de publicación, distribución, etc. Barcelona :
Nombre del editor, distribuidor, etc. Tusquets,
Fecha de publicación, distribución, etc. 1987.
300 ## - DESCRIPCIÓN FÍSICA
Extensión XXIX, 882 p. :
Otras características físicas il. ;
Dimensiones 24 cm.
490 1# - MENCIÓN DE SERIE
Mención de serie Matemas. Superínfimos ;
Designación de volumen o secuencia 14
500 ## - NOTA GENERAL
Nota general Indice.
504 ## - NOTA DE BIBLIOGRAFÍA, ETC.
Nota de bibliografía, etc. Bibliografía.
700 1# - ENTRADA AGREGADA--NOMBRE PERSONAL
Nombre de persona Usabiaga, Mario A.
9 (RLIN) 112290
700 1# - ENTRADA AGREGADA--NOMBRE PERSONAL
Nombre de persona López Rousseau, Alejandro.
9 (RLIN) 73937
700 1# - ENTRADA AGREGADA--NOMBRE PERSONAL
Nombre de persona Simonetti, Franco.
9 (RLIN) 106574
830 0# - PUNTO DE ACCESO ADICIONAL DE SERIE-TÍTULO UNIFORME
Título uniforme Matemas. Superínfimos ;
Designación de volumen o secuencia 14
9 (RLIN) 231521
852 ## - LOCALIZACIÓN
Ubicación ES-MaACL
Número de control de estantería G-4496
Holdings
Estatus retirado Estado de pérdida Estado de daño No para préstamo Biblioteca de origen Biblioteca actual Ubicación en estantería Fecha de adquisición Fuente de adquisición Total de préstamos Signatura topográfica completa Código de barras Visto por última vez Precio de reemplazo Tipo de ítem Koha
        Biblioteca del Ateneo de Madrid Biblioteca del Ateneo de Madrid Depósito 2 17/01/2008     G-4496 1084737 23/02/2023 23/02/2023 Libro impreso